000 00579cam a22002053a 4500
001 43846
003 PGUSA
005 20140828084011.0
008 130929s2013||||xxu|||||s|||||000 | eng d
040 _aPGUSA
_beng
042 _adc
100 1 _aSharp, Dallas Lore,
_d1870-1929
245 1 4 _aThe Seer of Slabsides
_h[electronic resource] /
_cDallas Lore Sharp
260 _bProject Gutenberg,
_c2013
506 _aPublic domain in the USA.
516 _aElectronic text
830 0 _aProject Gutenberg
_v43846
856 4 0 _uhttp://www.gutenberg.org/ebooks/43846
942 _cEB
999 _c273097
_d273097